Kierowcy Formuły 1 - Statystyki

Ogólne statystyki
  • Ten quiz został rozwiązany 78 razy
    35 od ostatniego zresetowania
  • Średni wynik to 6 z 6
Statystyki odpowiedzi
Zagadnienie Odpowiedź % Poprawnych
Który z tych kierowców Formuły 1 jest w zespole Ferrari Charles Leclerc
100%
Który z tych kierowców Formuły 1 jest w zespole mercedesa? Lewis Hamilton
100%
Który z tych kierowców Formuły 1 jest w zespole Red Bull Racing? Max Verstappen
100%
Który z tych kierowców Formuły 1 jest w zespole Haas? Mick Schumacher
100%
Który z tych kierowców Formuły 1 jest w zespole Aston Martin? Sebastian Vettel
93%
Który z tych kierowców Formuły 1 jest w zespole Alfa Romeo? Valtteri Bottas
87%
Nie znaleziono quizów pasujących do podanych kryteriów
Rozkład punktacji
Procent ludzi z każdym wynikiem
Percentyl według liczby udzielonych odpowiedzi
Twoja historia wyników
Nie rozwiązałeś tego quizu od ostatniego zresetowania